Establecimiento y manejo de vides en el secano interior centro sur de Chile

Zapisane w:
Opis bibliograficzny
Główni autorzy: Sotomayor Soler, Juan Pedro (Autor), Ruiz Sánchez, Carlos (Autor)
Format: Książka
Język:hiszpański
Wydane: Chillán INIA 2000
Seria:Boletín INIA, 43
Hasła przedmiotowe:
Etykiety: Dodaj etykietę
Nie ma etykietki, Dołącz pierwszą etykiete!

MARC

LEADER 00000nam a2200000 a 4500
001 UCM1806
003 CL-VaPUC
008 020412e20000000CL |||||||||||||||||spa|d
082 0 4 |a 634.88  |b SOT  |2 21 
100 0 |a Sotomayor Soler, Juan Pedro  |e author  |9 468686 
700 0 |a Ruiz Sánchez, Carlos  |e author  |9 468687 
245 1 0 |a Establecimiento y manejo de vides en el secano interior centro sur de Chile 
300 |a 164 p 
942 |c BK 
945 |d 20020412 00:00:00  |a cmena 
260 |a Chillán  |b INIA  |c 2000 
650 0 |a Viticultura  |9 301210 
650 0 |a Producción de vinos  |9 524486 
650 0 |a Control de malezas  |9 259684 
650 0 |a Control de enfermedades  |9 371520 
650 0 |a Vid  |x Enfermedades de las plantas  |9 468689 
583 |a last modification  |c 20020412 00:00:00  |k Rodrigo Vera 
490 0 |a Boletín INIA, 43 
999 |c 300039  |d 300037 
952 |0 0  |1 0  |4 0  |6 634_880000000000000_SOT_2000  |7 0  |8 A  |9 357317  |a BIBAGR  |b BIBAGR  |d 2019-11-21  |i 3799042  |o 634.88 SOT 2000  |p 3799042  |r 2025-01-20  |w 2019-11-21  |y BK  |k AGR